| 000 | 00400nam a2200097Ia 4500 | ||
|---|---|---|---|
| 008 | 180130s9999 xx 000 0 und d | ||
| 245 |
_cMenzies, T.; Williams, L.; Zimmermann, T. _aPerspectives on data science for software engineering |
||
| 260 | _c2016 | ||
| 300 | _aBook title: Perspectives on data science for software engineering--Acession number C20893; pages 3 - 6 | ||
| 650 | _aSOFTWARE ENGINEERING | ||
| 999 |
_c354280 _d354280 |
||